تحميل...

Nature of the beast: A popular account of animal psychology from the point of view of a naturalist

التفاصيل البيبلوغرافية
المؤلف الرئيسي: Noble, Ruth Crosby
التنسيق: Printed Book
منشور في: Doubleday Doran & Co., New York 1945
الموضوعات:
LEADER 00596nam a2200193 4500
020
082 |a 591.5 NOB-N 
100 |a Noble, Ruth Crosby 
245 |a Nature of the beast: A popular account of animal psychology from the point of view of a naturalist 
250
260 |a Doubleday Doran & Co., New York  |c 1945 
300 |a 224 
490
500
590 |a PRP  |b 2011-04-06 14:57:56 
650 |a Animal behaviour patterns 
942 |c BK 
999 |c 94063  |d 94063 
952 |0 0  |1 0  |4 0  |6 591_500000000000000_NOBN  |7 0  |9 107531  |a AQU  |b AQU  |l 0  |o 591.5 NOB-N  |p AQU00181  |r 2019-09-25  |w 2019-09-25  |y BK